000
00292nam a2200121Ia 4500
008
250224s9999 xx 000 0 und d
020
_a
9781853156182
082
_a
610.711FIS
100
_a
Fish Della
245
0
_a
Developing the wise doctor
942
_c
BK
999
_c
476980
_d
476980